|
|
|
|
| LEADER |
01059nam a2200253 a 4500 |
| 001 |
12297301 |
| 008 |
090507r20052002ii a 001 0 eng d |
| 010 |
|
|
|a 2001021973
|
| 020 |
|
|
|a 8120320646
|
| 040 |
|
|
|a DLC
|c DLC
|d DLC
|
| 082 |
0 |
0 |
|a 621.3815
|2 21
|
| 100 |
1 |
|
|a Boylestad, Robert L.
|
| 245 |
1 |
0 |
|a Electronic devices and circuit theory /
|c Robert Boylestad, Louis Nashelsky.
|
| 250 |
|
|
|a 8th ed.
|
| 260 |
|
|
|a Upper Saddle River, N.J. ;
|a New Delhi :
|b Prentice Hall,
|c c2002.[reprinted 2005]
|
| 300 |
|
|
|a xviii, 1020 p. :
|b ill. ;
|c 29 cm. +
|e 1 CD-ROM (4 3/4 in.)
|
| 504 |
|
|
|a Includes index.
|
| 541 |
1 |
|
|e 00015422
|
| 650 |
|
0 |
|a Electronic circuits.
|
| 650 |
|
0 |
|a Electronic apparatus and appliances.
|
| 700 |
1 |
|
|a Nashelsky, Louis.
|
| 852 |
4 |
|
|a Ayesha Abed Library
|j General Shelf.
|
| 999 |
|
|
|c 8652
|d 8652
|
| 952 |
|
|
|0 0
|1 0
|2 ddc
|4 0
|6 621_381500000000000_BOY
|7 0
|9 10363
|a BRACUL
|b BRACUL
|c GEN
|d 2010-05-19
|g 650.00
|l 15
|m 121
|o 621.3815 BOY
|p 3010015422
|r 2026-03-28
|s 2026-02-24
|t 1
|w 2010-05-19
|y BK
|x Koha Inventory 2020 ; Previously missing book recovered on 03 November 2025.
|